[Event "DVM U10 2023"]
[Site "Magdeburg GER"]
[Date "2023.12.28"]
[Round "3"]
[White "Botvinnik, Julius"]
[Black "Moskalenko, Michael"]
[Result "0-1"]
[Termination "normal"]
[Board "9.1"]
[WhiteElo "1516"]
[BlackElo "1294"]
[WhiteClock "00:55:05"]
[BlackClock "00:10:55"]
[WhiteTeam "Düsseldorfer SK 14/25"]
[BlackTeam "Elmshorner SC 1896"]
[PlyCount "51"]
[WhiteFideId "34612149"]
[BlackFideId "34608877"]
[EventCountry "GER"]
[EventRounds "7"]
[EventType "team-swiss"]
[EventDate "2023.12.27"]

1. d4 {[%clk 00:54:54]} {[%emt 00:00:04]} d5 {[%clk 00:55:05]} {[%emt
00:00:18]} 2. Bf4 {[%clk 00:54:53]} {[%emt 00:00:07]} Bf5 {[%clk 00:54:50]}
{[%emt 00:00:20]} 3. Nf3 {[%clk 00:54:48]} {[%emt 00:00:10]} Nf6 {[%clk
00:54:48]} {[%emt 00:00:06]} 4. e3 {[%clk 00:54:45]} {[%emt 00:00:09]} e6
{[%clk 00:54:48]} {[%emt 00:00:04]} 5. c4 {[%clk 00:54:43]} {[%emt 00:00:07]}
Bxb1 {[%clk 00:54:32]} {[%emt 00:00:21]} 6. Rxb1 {[%clk 00:54:27]} {[%emt
00:00:21]} Bb4+ {[%clk 00:54:25]} {[%emt 00:00:13]} 7. Ke2 {[%clk 00:54:01]}
{[%emt 00:00:31]} O-O {[%clk 00:50:11]} {[%emt 00:04:18]} 8. a3 {[%clk
00:53:50]} {[%emt 00:00:16]} Be7 {[%clk 00:47:05]} {[%emt 00:03:11]} 9. Ke1
{[%clk 00:53:15]} {[%emt 00:00:41]} c5 {[%clk 00:45:00]} {[%emt 00:02:09]} 10.
Be2 {[%clk 00:51:33]} {[%emt 00:01:47]} dxc4 {[%clk 00:44:24]} {[%emt
00:00:41]} 11. Bxc4 {[%clk 00:51:01]} {[%emt 00:00:37]} Nc6 {[%clk 00:42:36]}
{[%emt 00:01:54]} 12. dxc5 {[%clk 00:50:22]} {[%emt 00:00:44]} Qa5+ {[%clk
00:41:08]} {[%emt 00:01:33]} 13. Kf1 {[%clk 00:48:53]} {[%emt 00:01:34]} Qxc5
{[%clk 00:40:23]} {[%emt 00:00:49]} 14. Qe2 {[%clk 00:48:03]} {[%emt 00:00:56]}
Rfd8 {[%clk 00:35:10]} {[%emt 00:05:18]} 15. Kg1 {[%clk 00:47:49]} {[%emt
00:00:19]} Qf5 {[%clk 00:34:26]} {[%emt 00:00:48]} 16. Rc1 {[%clk 00:47:18]}
{[%emt 00:00:37]} Rac8 {[%clk 00:30:57]} {[%emt 00:03:33]} 17. h3 {[%clk
00:46:16]} {[%emt 00:01:08]} e5 {[%clk 00:25:57]} {[%emt 00:05:05]} 18. Bg5
{[%clk 00:43:08]} {[%emt 00:03:13]} e4 {[%clk 00:24:14]} {[%emt 00:01:48]} 19.
Qc2 {[%clk 00:41:38]} {[%emt 00:01:35]} Na5 {[%clk 00:19:37]} {[%emt 00:04:41]}
20. b3 {[%clk 00:37:48]} {[%emt 00:03:55]} b5 {[%clk 00:18:44]} {[%emt
00:00:59]} 21. Kh2 {[%clk 00:36:10]} {[%emt 00:01:42]} bxc4 {[%clk 00:18:16]}
{[%emt 00:00:34]} 22. b4 {[%clk 00:35:44]} {[%emt 00:00:30]} Nb3 {[%clk
00:17:03]} {[%emt 00:01:19]} 23. Rcd1 {[%clk 00:34:58]} {[%emt 00:00:50]} Rd3
{[%clk 00:15:56]} {[%emt 00:01:12]} 24. Rxd3 {[%clk 00:34:07]} {[%emt
00:00:56]} exd3 {[%clk 00:12:36]} {[%emt 00:03:25]} 25. Qc3 {[%clk 00:33:38]}
{[%emt 00:00:34]} Bd6+ {[%clk 00:10:55]} {[%emt 00:01:47]} 26. Bf4 {[%clk
00:55:05]} {[%emt 00:01:17]} 0-1

[Event "DVM U10 2023"]
[Site "Magdeburg GER"]
[Date "2023.12.28"]
[Round "3"]
[White "Nikolic, Luka"]
[Black "Estrin, Boris"]
[Result "1-0"]
[Termination "normal"]
[Board "9.2"]
[WhiteElo "950"]
[BlackElo "1115"]
[WhiteClock "00:40:50"]
[BlackClock "00:46:01"]
[WhiteTeam "Elmshorner SC 1896"]
[BlackTeam "Düsseldorfer SK 14/25"]
[PlyCount "73"]
[WhiteFideId "34655123"]
[BlackFideId "34649859"]
[EventCountry "GER"]
[EventRounds "7"]
[EventType "team-swiss"]
[EventDate "2023.12.27"]

1. d4 d5 {[%clk 00:55:02]} {[%emt 00:00:07]} 2. c4 {[%clk 00:55:06]} {[%emt
00:00:05]} c6 {[%clk 00:55:00]} {[%emt 00:00:06]} 3. Nf3 {[%clk 00:55:02]}
{[%emt 00:00:10]} Nf6 {[%clk 00:54:56]} {[%emt 00:00:09]} 4. Bg5 {[%clk
00:55:02]} {[%emt 00:00:04]} e6 {[%clk 00:54:51]} {[%emt 00:00:10]} 5. e3
{[%clk 00:54:55]} {[%emt 00:00:13]} Be7 {[%clk 00:54:47]} {[%emt 00:00:09]} 6.
Nc3 {[%clk 00:54:49]} {[%emt 00:00:11]} O-O {[%clk 00:54:41]} {[%emt 00:00:11]}
7. cxd5 {[%clk 00:54:51]} {[%emt 00:00:02]} exd5 {[%clk 00:54:26]} {[%emt
00:00:20]} 8. Bd3 {[%clk 00:54:45]} {[%emt 00:00:11]} h6 {[%clk 00:54:11]}
{[%emt 00:00:19]} 9. Bh4 {[%clk 00:54:41]} {[%emt 00:00:11]} Bg4 {[%clk
00:54:03]} {[%emt 00:00:13]} 10. O-O {[%clk 00:54:37]} {[%emt 00:00:09]} Nbd7
{[%clk 00:53:42]} {[%emt 00:00:25]} 11. h3 {[%clk 00:54:35]} {[%emt 00:00:07]}
Bxf3 {[%clk 00:53:33]} {[%emt 00:00:14]} 12. Qxf3 {[%clk 00:54:25]} {[%emt
00:00:15]} Ne8 {[%clk 00:53:13]} {[%emt 00:00:26]} 13. Bxe7 {[%clk 00:54:06]}
{[%emt 00:00:24]} Qxe7 {[%clk 00:53:09]} {[%emt 00:00:07]} 14. Rfe1 {[%clk
00:54:00]} {[%emt 00:00:12]} Nef6 {[%clk 00:52:58]} {[%emt 00:00:16]} 15. e4
{[%clk 00:53:40]} {[%emt 00:00:25]} dxe4 {[%clk 00:52:50]} {[%emt 00:00:13]}
16. Nxe4 {[%clk 00:53:28]} {[%emt 00:00:17]} Qd8 {[%clk 00:52:43]} {[%emt
00:00:11]} 17. Nxf6+ {[%clk 00:52:46]} {[%emt 00:00:47]} Nxf6 {[%clk 00:52:40]}
{[%emt 00:00:09]} 18. Qf4 {[%clk 00:52:17]} {[%emt 00:00:34]} Re8 {[%clk
00:52:22]} {[%emt 00:00:23]} 19. Bc4 {[%clk 00:51:42]} {[%emt 00:00:41]} Nd5
{[%clk 00:52:08]} {[%emt 00:00:19]} 20. Qf3 {[%clk 00:51:07]} {[%emt 00:00:40]}
Nf6 {[%clk 00:51:44]} {[%emt 00:00:28]} 21. Rxe8+ {[%clk 00:50:30]} {[%emt
00:00:42]} Qxe8 {[%clk 00:51:35]} {[%emt 00:00:13]} 22. d5 {[%clk 00:50:16]}
{[%emt 00:00:21]} Qd7 {[%clk 00:51:08]} {[%emt 00:00:31]} 23. dxc6 {[%clk
00:49:56]} {[%emt 00:00:25]} bxc6 {[%clk 00:51:02]} {[%emt 00:00:11]} 24. Rd1
{[%clk 00:49:46]} {[%emt 00:00:15]} Qc7 {[%clk 00:50:51]} {[%emt 00:00:16]} 25.
Rc1 {[%clk 00:49:23]} {[%emt 00:00:28]} Re8 {[%clk 00:50:22]} {[%emt 00:00:34]}
26. Bb5 {[%clk 00:48:28]} {[%emt 00:01:00]} Qa5 {[%clk 00:49:33]} {[%emt
00:00:53]} 27. Bxc6 {[%clk 00:47:53]} {[%emt 00:00:42]} Rc8 {[%clk 00:49:07]}
{[%emt 00:00:29]} 28. Qb3 {[%clk 00:46:53]} {[%emt 00:01:07]} Qg5 {[%clk
00:48:30]} {[%emt 00:00:41]} 29. Rc2 {[%clk 00:45:15]} {[%emt 00:01:44]} Qf5
{[%clk 00:48:12]} {[%emt 00:00:22]} 30. Qc4 {[%clk 00:43:50]} {[%emt 00:01:31]}
Nd7 {[%clk 00:47:17]} {[%emt 00:01:00]} 31. Bxd7 {[%clk 00:42:29]} {[%emt
00:01:26]} Qxc2 {[%clk 00:46:51]} {[%emt 00:00:30]} 32. Qxc8+ {[%clk 00:42:26]}
{[%emt 00:00:09]} Qxc8 {[%clk 00:46:31]} {[%emt 00:00:24]} 33. Bxc8 {[%clk
00:42:25]} {[%emt 00:00:07]} Kf8 {[%clk 00:46:15]} {[%emt 00:00:21]} 34. a4
{[%clk 00:41:49]} {[%emt 00:00:41]} Ke7 {[%clk 00:46:12]} {[%emt 00:00:07]} 35.
a5 {[%clk 00:41:11]} {[%emt 00:00:44]} Kd8 {[%emt 00:00:23]} 36. Bb7 Kc7 {[%clk
00:46:01]} {[%emt 00:00:07]} 37. a6 {[%clk 00:40:50]} {[%emt 00:00:21]} 1-0

[Event "DVM U10 2023"]
[Site "Magdeburg GER"]
[Date "2023.12.28"]
[Round "3"]
[White "Giganov, Zakhar"]
[Black "Steffen, Leon"]
[Result "1-0"]
[Termination "normal"]
[Board "9.3"]
[WhiteElo "973"]
[BlackElo "927"]
[WhiteClock "00:27:24"]
[BlackClock "00:36:28"]
[WhiteTeam "Düsseldorfer SK 14/25"]
[BlackTeam "Elmshorner SC 1896"]
[PlyCount "81"]
[WhiteFideId "34676511"]
[EventCountry "GER"]
[EventRounds "7"]
[EventType "team-swiss"]
[EventDate "2023.12.27"]

1. d4 {[%clk 00:55:07]} {[%emt 00:00:03]} d5 {[%clk 00:55:04]} {[%emt
00:00:06]} 2. Nf3 {[%clk 00:55:05]} {[%emt 00:00:07]} Nf6 {[%clk 00:55:02]}
{[%emt 00:00:08]} 3. c4 {[%clk 00:54:59]} {[%emt 00:00:11]} e6 {[%clk
00:54:51]} {[%emt 00:00:16]} 4. Nc3 {[%clk 00:54:52]} {[%emt 00:00:11]} Bd6
{[%clk 00:54:39]} {[%emt 00:00:16]} 5. e3 {[%clk 00:54:47]} {[%emt 00:00:10]}
O-O {[%clk 00:54:33]} {[%emt 00:00:12]} 6. Bd2 {[%clk 00:54:45]} {[%emt
00:00:07]} Nc6 {[%clk 00:54:09]} {[%emt 00:00:29]} 7. Bd3 {[%clk 00:54:37]}
{[%emt 00:00:13]} Nb4 {[%clk 00:53:51]} {[%emt 00:00:23]} 8. Be2 {[%clk
00:54:20]} {[%emt 00:00:22]} c5 {[%clk 00:53:35]} {[%emt 00:00:21]} 9. a3
{[%clk 00:53:51]} {[%emt 00:00:34]} Nc6 {[%clk 00:53:16]} {[%emt 00:00:25]} 10.
O-O {[%clk 00:53:30]} {[%emt 00:00:25]} Ne4 {[%clk 00:52:39]} {[%emt 00:00:42]}
11. cxd5 {[%clk 00:52:33]} {[%emt 00:01:01]} exd5 {[%clk 00:52:19]} {[%emt
00:00:26]} 12. Nxd5 {[%clk 00:52:11]} {[%emt 00:00:26]} cxd4 {[%clk 00:51:52]}
{[%emt 00:00:33]} 13. exd4 {[%clk 00:52:02]} {[%emt 00:00:13]} Be7 {[%clk
00:51:09]} {[%emt 00:00:49]} 14. Nxe7+ {[%clk 00:51:19]} {[%emt 00:00:46]} Qxe7
{[%clk 00:50:51]} {[%emt 00:00:24]} 15. Be3 {[%clk 00:50:03]} {[%emt 00:01:22]}
Bf5 {[%clk 00:50:17]} {[%emt 00:00:39]} 16. Bd3 {[%clk 00:48:10]} {[%emt
00:01:57]} Nd6 {[%clk 00:49:08]} {[%emt 00:01:15]} 17. Bxf5 {[%clk 00:47:00]}
{[%emt 00:01:14]} Nxf5 {[%clk 00:49:05]} {[%emt 00:00:09]} 18. Re1 {[%clk
00:46:53]} {[%emt 00:00:12]} Qf6 {[%clk 00:48:19]} {[%emt 00:00:51]} 19. Qd3
{[%clk 00:42:08]} {[%emt 00:04:50]} Rad8 {[%clk 00:47:40]} {[%emt 00:00:44]}
20. Rad1 {[%clk 00:42:04]} {[%emt 00:00:09]} Rfe8 {[%clk 00:47:10]} {[%emt
00:00:35]} 21. h3 {[%clk 00:41:13]} {[%emt 00:00:56]} h6 {[%clk 00:46:20]}
{[%emt 00:00:55]} 22. Kf1 {[%clk 00:36:52]} {[%emt 00:04:26]} Nxe3+ {[%clk
00:45:29]} {[%emt 00:00:55]} 23. Rxe3 {[%clk 00:35:38]} {[%emt 00:01:19]} Rxe3
{[%clk 00:44:58]} {[%emt 00:00:37]} 24. Qxe3 {[%clk 00:35:24]} {[%emt
00:00:17]} Rd7 {[%clk 00:44:14]} {[%emt 00:00:50]} 25. Qe8+ {[%clk 00:34:44]}
{[%emt 00:00:45]} Kh7 {[%clk 00:43:36]} {[%emt 00:00:43]} 26. Qxd7 {[%clk
00:34:38]} {[%emt 00:00:10]} b6 {[%clk 00:43:11]} {[%emt 00:00:32]} 27. d5
{[%clk 00:32:54]} {[%emt 00:01:49]} Ne5 {[%clk 00:41:32]} {[%emt 00:01:44]} 28.
Nxe5 {[%clk 00:32:39]} {[%emt 00:00:19]} Qxe5 {[%clk 00:41:17]} {[%emt
00:00:21]} 29. d6 {[%clk 00:31:36]} {[%emt 00:01:08]} Qxb2 {[%clk 00:41:10]}
{[%emt 00:00:11]} 30. Qxa7 {[%clk 00:31:15]} {[%emt 00:00:26]} Qc2 {[%clk
00:41:00]} {[%emt 00:00:15]} 31. Re1 {[%clk 00:30:46]} {[%emt 00:00:33]} Qd3+
{[%clk 00:40:44]} {[%emt 00:00:22]} 32. Kg1 {[%clk 00:30:23]} {[%emt 00:00:28]}
Qxd6 {[%clk 00:40:37]} {[%emt 00:00:12]} 33. Re7 {[%clk 00:28:54]} {[%emt
00:01:35]} Qd1+ {[%clk 00:39:25]} {[%emt 00:01:17]} 34. Kh2 {[%clk 00:28:44]}
{[%emt 00:00:15]} Qd6+ {[%clk 00:38:36]} {[%emt 00:00:54]} 35. g3 {[%clk
00:28:31]} {[%emt 00:00:18]} b5 {[%clk 00:38:11]} {[%emt 00:00:30]} 36. Rxf7
{[%clk 00:28:09]} {[%emt 00:00:25]} Qf6 {[%clk 00:37:58]} {[%emt 00:00:20]} 37.
Rxf6 {[%clk 00:27:58]} {[%emt 00:00:15]} b4 {[%clk 00:37:02]} {[%emt 00:01:02]}
38. Rf7 {[%clk 00:27:41]} {[%emt 00:00:22]} bxa3 {[%clk 00:36:43]} {[%emt
00:00:25]} 39. Rxg7+ {[%clk 00:27:33]} {[%emt 00:00:11]} Kh8 {[%clk 00:36:32]}
{[%emt 00:00:17]} 40. Rh7+ {[%clk 00:27:29]} {[%emt 00:00:09]} Kg8 {[%clk
00:36:28]} {[%emt 00:00:09]} 41. Qg7# {[%clk 00:27:24]} {[%emt 00:00:09]} 1-0

[Event "DVM U10 2023"]
[Site "Magdeburg GER"]
[Date "2023.12.28"]
[Round "3"]
[White "Tatar, Anna"]
[Black "Michelson, Nathan"]
[Result "0-1"]
[Termination "normal"]
[Board "9.4"]
[WhiteElo "901"]
[BlackElo "991"]
[WhiteClock "00:35:12"]
[BlackClock "00:36:03"]
[WhiteTeam "Elmshorner SC 1896"]
[BlackTeam "Düsseldorfer SK 14/25"]
[PlyCount "82"]
[BlackFideId "34648372"]
[EventCountry "GER"]
[EventRounds "7"]
[EventType "team-swiss"]
[EventDate "2023.12.27"]

1. d4 {[%clk 00:55:05]} {[%emt 00:00:04]} d5 {[%clk 00:55:06]} {[%emt
00:00:05]} 2. Nf3 {[%clk 00:55:05]} {[%emt 00:00:05]} c5 {[%clk 00:55:07]}
{[%emt 00:00:04]} 3. Bf4 {[%clk 00:54:37]} {[%emt 00:00:33]} Nc6 {[%clk
00:54:56]} {[%emt 00:00:16]} 4. e3 {[%clk 00:53:53]} {[%emt 00:00:49]} Qa5+
{[%clk 00:54:07]} {[%emt 00:00:53]} 5. Nc3 {[%clk 00:52:57]} {[%emt 00:01:01]}
Bf5 {[%clk 00:53:53]} {[%emt 00:00:19]} 6. Bd3 {[%clk 00:52:22]} {[%emt
00:00:41]} e6 {[%clk 00:53:23]} {[%emt 00:00:35]} 7. Bxf5 {[%clk 00:52:04]}
{[%emt 00:00:21]} exf5 {[%clk 00:53:20]} {[%emt 00:00:09]} 8. O-O {[%clk
00:51:40]} {[%emt 00:00:29]} Nf6 {[%emt 00:00:27]} 9. h3 {[%clk 00:50:22]}
{[%emt 00:01:21]} Be7 {[%clk 00:52:50]} {[%emt 00:00:15]} 10. dxc5 {[%clk
00:49:33]} {[%emt 00:00:53]} Bxc5 {[%clk 00:52:46]} {[%emt 00:00:10]} 11. Nxd5
{[%clk 00:48:43]} {[%emt 00:00:56]} Nxd5 {[%clk 00:52:19]} {[%emt 00:00:30]}
12. Qxd5 {[%clk 00:47:50]} {[%emt 00:00:59]} O-O {[%clk 00:52:13]} {[%emt
00:00:11]} 13. Qxf5 {[%clk 00:47:39]} {[%emt 00:00:15]} Ne7 {[%clk 00:51:44]}
{[%emt 00:00:35]} 14. Qh5 {[%clk 00:47:08]} {[%emt 00:00:35]} Ng6 {[%clk
00:49:52]} {[%emt 00:01:57]} 15. Bd6 {[%clk 00:46:50]} {[%emt 00:00:23]} Rfc8
{[%clk 00:49:29]} {[%emt 00:00:22]} 16. Rfd1 {[%clk 00:45:40]} {[%emt
00:01:22]} b6 {[%clk 00:49:21]} {[%emt 00:00:13]} 17. Ng5 {[%clk 00:45:07]}
{[%emt 00:00:38]} h6 {[%clk 00:49:13]} {[%emt 00:00:13]} 18. Ne6 {[%clk
00:44:19]} {[%emt 00:00:54]} Bxd6 {[%clk 00:48:21]} {[%emt 00:00:56]} 19. Qg4
{[%clk 00:43:16]} {[%emt 00:01:06]} Be7 {[%clk 00:47:51]} {[%emt 00:00:35]} 20.
a3 {[%clk 00:42:54]} {[%emt 00:00:29]} Rxc2 {[%clk 00:47:18]} {[%emt 00:00:38]}
21. b4 {[%clk 00:42:41]} {[%emt 00:00:19]} Qe5 {[%clk 00:46:42]} {[%emt
00:00:40]} 22. Nd4 {[%clk 00:42:23]} {[%emt 00:00:23]} Rc3 {[%clk 00:46:05]}
{[%emt 00:00:42]} 23. Rdc1 {[%clk 00:40:56]} {[%emt 00:01:32]} Rxc1+ {[%clk
00:45:32]} {[%emt 00:00:38]} 24. Rxc1 {[%clk 00:40:50]} {[%emt 00:00:10]} Bd6
{[%clk 00:43:06]} {[%emt 00:02:30]} 25. Qf3 {[%clk 00:40:38]} {[%emt 00:00:19]}
Qh2+ {[%clk 00:42:57]} {[%emt 00:00:14]} 26. Kf1 {[%clk 00:40:38]} {[%emt
00:00:05]} Rf8 {[%clk 00:42:52]} {[%emt 00:00:10]} 27. Ke2 {[%clk 00:40:07]}
{[%emt 00:00:35]} Ne5 {[%clk 00:42:27]} {[%emt 00:00:31]} 28. Qd5 {[%clk
00:39:58]} {[%emt 00:00:12]} Ng6 {[%clk 00:41:42]} {[%emt 00:00:52]} 29. Nf5
{[%clk 00:39:30]} {[%emt 00:00:34]} Bb8 {[%clk 00:39:42]} {[%emt 00:02:05]} 30.
Qd4 {[%clk 00:39:16]} {[%emt 00:00:19]} Be5 {[%clk 00:39:22]} {[%emt 00:00:24]}
31. Qd5 {[%clk 00:38:45]} {[%emt 00:00:34]} Bb2 {[%clk 00:38:57]} {[%emt
00:00:31]} 32. Rc7 {[%clk 00:38:16]} {[%emt 00:00:34]} Qxc7 {[%clk 00:38:53]}
{[%emt 00:00:10]} 33. Qd2 {[%clk 00:37:47]} {[%emt 00:00:34]} Qc4+ {[%clk
00:38:40]} {[%emt 00:00:18]} 34. Kf3 {[%clk 00:37:30]} {[%emt 00:00:20]} Be5
{[%clk 00:38:00]} {[%emt 00:00:47]} 35. e4 {[%clk 00:37:08]} {[%emt 00:00:27]}
Bc7 {[%clk 00:37:33]} {[%emt 00:00:31]} 36. Qb2 {[%clk 00:36:46]} {[%emt
00:00:29]} Ne5+ {[%clk 00:37:21]} {[%emt 00:00:17]} 37. Kg3 {[%clk 00:36:37]}
{[%emt 00:00:13]} Nd3+ {[%clk 00:36:59]} {[%emt 00:00:26]} 38. f4 {[%clk
00:35:49]} {[%emt 00:00:53]} Nxb2 {[%clk 00:36:45]} {[%emt 00:00:20]} 39. Ne3
{[%clk 00:35:48]} {[%emt 00:00:06]} Qxe4 {[%clk 00:36:30]} {[%emt 00:00:20]}
40. Ng4 {[%clk 00:35:29]} {[%emt 00:00:23]} Qxf4+ {[%clk 00:36:18]} {[%emt
00:00:17]} 41. Kh4 {[%clk 00:35:12]} {[%emt 00:00:23]} Qg5# {[%clk 00:36:03]}
{[%emt 00:00:12]} 0-1

[Event "DVM U10 2023"]
[Site "Magdeburg GER"]
[Date "2023.12.28"]
[Round "3"]
[White "Andersen, Jonathan"]
[Black "Luible, Sebastian"]
[Result "1-0"]
[Termination "normal"]
[Board "10.1"]
[WhiteElo "1488"]
[BlackElo "1128"]
[WhiteClock "00:36:38"]
[BlackClock "00:30:39"]
[WhiteTeam "SK Johanneum Eppendorf"]
[BlackTeam "SF Tegernheim"]
[PlyCount "113"]
[WhiteFideId "34623884"]
[EventCountry "GER"]
[EventRounds "7"]
[EventType "team-swiss"]
[EventDate "2023.12.27"]

1. e4 {[%clk 00:55:09]} {[%emt 12:44:35]} e5 {[%clk 00:55:09]} {[%emt
00:00:01]} 2. Nf3 {[%clk 00:55:07]} {[%emt 00:00:07]} Nf6 {[%clk 00:55:06]}
{[%emt 00:00:08]} 3. d4 {[%clk 00:55:06]} {[%emt 00:00:06]} exd4 {[%clk
00:53:47]} {[%emt 00:01:25]} 4. e5 {[%clk 00:55:04]} {[%emt 00:00:07]} Nd5
{[%clk 00:52:38]} {[%emt 00:01:13]} 5. Qxd4 {[%clk 00:54:13]} {[%emt 00:00:56]}
Nb6 {[%clk 00:51:18]} {[%emt 00:01:24]} 6. Bg5 {[%clk 00:53:24]} {[%emt
00:00:54]} Be7 {[%clk 00:50:47]} {[%emt 00:00:36]} 7. h4 {[%clk 00:51:05]}
{[%emt 00:02:24]} h6 {[%clk 00:50:37]} {[%emt 00:00:16]} 8. Bxe7 {[%clk
00:51:01]} {[%emt 00:00:09]} Qxe7 {[%clk 00:50:32]} {[%emt 00:00:10]} 9. Bd3
{[%clk 00:50:38]} {[%emt 00:00:26]} Nc6 {[%clk 00:50:25]} {[%emt 00:00:14]} 10.
Qe4 {[%clk 00:48:29]} {[%emt 00:02:14]} Qb4+ {[%clk 00:49:30]} {[%emt
00:01:00]} 11. Qxb4 {[%clk 00:48:23]} {[%emt 00:00:10]} Nxb4 {[%clk 00:49:27]}
{[%emt 00:00:09]} 12. O-O {[%clk 00:48:20]} {[%emt 00:00:08]} O-O {[%clk
00:49:10]} {[%emt 00:00:22]} 13. a3 {[%clk 00:48:19]} {[%emt 00:00:07]} Nc6
{[%clk 00:48:57]} {[%emt 00:00:16]} 14. Nc3 {[%clk 00:45:15]} {[%emt 00:03:10]}
Re8 {[%clk 00:48:48]} {[%emt 00:00:14]} 15. Rfe1 {[%clk 00:45:11]} {[%emt
00:00:10]} Ne7 {[%clk 00:46:51]} {[%emt 00:02:01]} 16. Rad1 {[%clk 00:44:51]}
{[%emt 00:00:25]} Nbd5 {[%clk 00:46:28]} {[%emt 00:00:28]} 17. Nxd5 {[%clk
00:44:20]} {[%emt 00:00:36]} Nxd5 {[%clk 00:46:24]} {[%emt 00:00:08]} 18. Bc4
{[%clk 00:44:07]} {[%emt 00:00:19]} Nb6 {[%clk 00:46:06]} {[%emt 00:00:24]} 19.
Bb3 {[%clk 00:43:29]} {[%emt 00:00:43]} d6 {[%clk 00:44:45]} {[%emt 00:01:25]}
20. exd6 {[%clk 00:43:26]} {[%emt 00:00:07]} Rxe1+ {[%clk 00:44:24]} {[%emt
00:00:27]} 21. Rxe1 {[%clk 00:43:24]} {[%emt 00:00:07]} cxd6 {[%clk 00:44:19]}
{[%emt 00:00:10]} 22. Re8+ {[%clk 00:43:19]} {[%emt 00:00:10]} Kh7 {[%clk
00:44:17]} {[%emt 00:00:06]} 23. Bxf7 {[%clk 00:43:05]} {[%emt 00:00:19]} Bg4
{[%clk 00:43:21]} {[%emt 00:01:02]} 24. Rxa8 {[%clk 00:42:00]} {[%emt
00:01:11]} Nxa8 {[%clk 00:43:17]} {[%emt 00:00:08]} 25. Nd4 {[%clk 00:41:33]}
{[%emt 00:00:31]} Nb6 {[%clk 00:43:08]} {[%emt 00:00:15]} 26. f3 {[%clk
00:41:32]} {[%emt 00:00:06]} Bd7 {[%clk 00:42:55]} {[%emt 00:00:16]} 27. h5
{[%clk 00:41:30]} {[%emt 00:00:08]} Nc8 {[%clk 00:41:54]} {[%emt 00:01:06]} 28.
Kf2 {[%clk 00:41:17]} {[%emt 00:00:19]} Ne7 {[%clk 00:41:24]} {[%emt 00:00:34]}
29. Ke3 {[%clk 00:41:09]} {[%emt 00:00:13]} g6 {[%clk 00:41:12]} {[%emt
00:00:17]} 30. hxg6+ {[%clk 00:41:04]} {[%emt 00:00:10]} Nxg6 {[%clk 00:41:12]}
{[%emt 00:00:06]} 31. Be6 {[%clk 00:40:44]} {[%emt 00:00:25]} Bxe6 {[%clk
00:39:59]} {[%emt 00:01:17]} 32. Nxe6 {[%clk 00:40:39]} {[%emt 00:00:10]} Kg8
{[%clk 00:39:53]} {[%emt 00:00:10]} 33. g3 {[%clk 00:40:32]} {[%emt 00:00:15]}
Kf7 {[%clk 00:39:44]} {[%emt 00:00:11]} 34. Nd8+ {[%clk 00:40:32]} {[%emt
00:00:07]} Ke7 {[%clk 00:39:34]} {[%emt 00:00:13]} 35. Nxb7 {[%clk 00:40:32]}
{[%emt 00:00:07]} Ne5 {[%clk 00:39:28]} {[%emt 00:00:09]} 36. b3 {[%clk
00:40:29]} {[%emt 00:00:11]} Kd7 {[%clk 00:39:13]} {[%emt 00:00:17]} 37. Na5
{[%clk 00:39:32]} {[%emt 00:01:03]} Ke6 {[%clk 00:38:12]} {[%emt 00:01:06]} 38.
Nc4 {[%clk 00:38:38]} {[%emt 00:01:00]} Nc6 {[%clk 00:37:31]} {[%emt 00:00:46]}
39. f4 {[%clk 00:37:59]} {[%emt 00:00:44]} d5 {[%clk 00:35:22]} {[%emt
00:02:14]} 40. Ne5 {[%clk 00:37:44]} {[%emt 00:00:20]} Nxe5 {[%clk 00:34:31]}
{[%emt 00:00:56]} 41. fxe5 {[%clk 00:37:25]} {[%emt 00:00:24]} Kxe5 {[%clk
00:34:27]} {[%emt 00:00:09]} 42. c4 {[%clk 00:37:24]} {[%emt 00:00:05]} dxc4
{[%clk 00:33:46]} {[%emt 00:00:47]} 43. bxc4 {[%clk 00:37:18]} {[%emt
00:00:11]} Kd6 {[%clk 00:33:38]} {[%emt 00:00:11]} 44. Kd4 {[%clk 00:37:18]}
{[%emt 00:00:07]} a6 {[%clk 00:33:16]} {[%emt 00:00:27]} 45. g4 {[%clk
00:37:03]} {[%emt 00:00:20]} Kc6 {[%clk 00:31:38]} {[%emt 00:01:43]} 46. a4
{[%clk 00:37:01]} {[%emt 00:00:07]} a5 {[%clk 00:31:32]} {[%emt 00:00:11]} 47.
c5 {[%clk 00:37:02]} {[%emt 00:00:05]} Kc7 {[%clk 00:31:16]} {[%emt 00:00:15]}
48. Kd5 {[%clk 00:36:55]} {[%emt 00:00:17]} Kd7 {[%clk 00:31:11]} {[%emt
00:00:09]} 49. c6+ {[%clk 00:36:56]} {[%emt 00:00:05]} Kc7 {[%clk 00:31:08]}
{[%emt 00:00:08]} 50. Kc5 {[%clk 00:36:56]} {[%emt 00:00:05]} Kc8 {[%clk
00:30:39]} {[%emt 00:00:33]} 51. Kb6 {[%clk 00:36:55]} {[%emt 00:00:06]} Kb8
{[%clk 00:30:33]} {[%emt 00:00:10]} 52. c7+ {[%clk 00:36:49]} {[%emt 00:00:13]}
Kc8 {[%clk 00:30:34]} {[%emt 00:00:04]} 53. Kc6 {[%clk 00:36:47]} {[%emt
00:00:07]} h5 {[%clk 00:30:32]} {[%emt 00:00:06]} 54. g5 {[%clk 00:36:47]}
{[%emt 00:00:05]} h4 {[%clk 00:30:34]} {[%emt 00:00:03]} 55. g6 {[%clk
00:36:42]} {[%emt 00:00:10]} h3 {[%clk 00:30:35]} {[%emt 00:00:04]} 56. g7
{[%clk 00:36:38]} {[%emt 00:00:09]} h2 {[%clk 00:30:39]} {[%emt 00:00:02]} 57.
g8=Q# {[%emt 00:00:07]} 1-0